000 00588nam a2200241 a 4500
001 nice12345678
003 IN_TiNIC
005 20260116012844.0
008 050524s1980 bira grp 000 0 eng
020 _a
_c100
082 0 0 _a297.0947
_bAUG
100 _aAugustin, Archimandrite
245 _aIslam in Russia.
260 _aBirmingham
_bSelly Oak College
_c1980
300 _a11p.
500 _aincludes index and biblioraphy
505 2 _aBibliography
650 _aIslam-Russia
700 1 _aAugustin, Archimandrite
902 _bSRS
942 _cBK
999 _c8659
_d8659